000
00229nmm a2200085Ia 4500
008
150209s2015||||xx |||||||||||||||||und||
100
_a
GUPTA, NIDHI
245
_a
STEP BY STEP MANAGING HIVM - POSITIVE PREGNANT MOTHER
942
_2
ddc
_c
CD
999
_c
5922
_d
5922